Religion Quiz

Random Religion or Blitz Quiz

Bible 'C' Blitz Quiz Stats

 Plays Quiz Updated Jul 31, 2018

Also try: Bible 'B' Blitz
Challenge
Share
Tweet
Embed
Score 0/10 Timer 01:30
8 Plays Today
Category Answer % Correct
Thou shalt not...Covet
86.1%
New Testament bookColossians
79.5%
AnimalCamel
72.2%
TreeCedar
62.7%
Old Testament bookChronicles
51.1%
FoodCucumber
41.5%
Spy sent to CanaanCaleb
37%
MountainCarmel
24.4%
WomanCandace
10%
High Priest breastplate stoneCarbuncle
9.6%

You're not logged in!

Compare scores with friends on all Sporcle quizzes.
Join for Free
OR
Log In

You Might Also Like...

Show Comments

Extras

Top Quizzes Today


Score Distribution

Your Account Isn't Verified!

In order to create a playlist on Sporcle, you need to verify the email address you used during registration. Go to your Sporcle Settings to finish the process.

Report this User

Report this user for behavior that violates our Community Guidelines.

Details: